Poesía puertorriqueña / (Record no. 103637)

MARC details
000 -LEADER
campo de control de longitud fija 00685nam a2200217 i 4500
001 - NÚMERO DE CONTROL
campo de control 103637
003 - IDENTIFICADOR DE NÚMERO DE CONTROL
campo de control ES-MaACL
005 - FECHA Y HORA DE LA ÚLTIMA TRANSACCIÓN
campo de control 20240409154138.0
007 - CAMPO FIJO DE DESCRIPCIÓN FÍSICA--INFORMACIÓN GENERAL
campo de control de longitud fija t|
008 - DATOS DE LONGITUD FIJA--INFORMACIÓN GENERAL
campo de control de longitud fija 060426s1956 mx ||||1| spa d
080 ## - NÚMERO DE LA CLASIFICACIÓN DECIMAL UNIVERSAL
Número de la Clasificación Decimal Universal 821.134.2(729.5)(082.2)
245 00 - MENCIÓN DEL TÍTULO
Título Poesía puertorriqueña /
Mención de responsabilidad, etc. selección por Carmen Gómez Tejera, Ana María Losada, Jorge Luis Porras.
260 ## - PUBLICACIÓN, DISTRIBUCIÓN, ETC.
Lugar de publicación, distribución, etc. Méxido :
Nombre del editor, distribuidor, etc. Orion,
Fecha de publicación, distribución, etc. 1956.
300 ## - DESCRIPCIÓN FÍSICA
Extensión 425 p. ;
Dimensiones 19 cm.
650 #4 - PUNTO DE ACCESO ADICIONAL DE MATERIA--TÉRMINO DE MATERIA
Término de materia o nombre geográfico como elemento de entrada Poesía puertorriqueña
9 (RLIN) 16155
700 1# - ENTRADA AGREGADA--NOMBRE PERSONAL
Nombre de persona Gómez Tejera, Carmen.
9 (RLIN) 58166
700 1# - ENTRADA AGREGADA--NOMBRE PERSONAL
Nombre de persona Losada, Ana María.
9 (RLIN) 74247
700 1# - ENTRADA AGREGADA--NOMBRE PERSONAL
Nombre de persona Porras, Jorge Luis.
9 (RLIN) 93142
852 ## - LOCALIZACIÓN
Ubicación ES-MaACL
Número de control de estantería C-56864
Sublocalización o colección R.137502
Holdings
Estatus retirado Estado de pérdida Estado de daño No para préstamo Biblioteca de origen Biblioteca actual Ubicación en estantería Fecha de adquisición Fuente de adquisición Total de préstamos Signatura topográfica completa Código de barras Visto por última vez Precio de reemplazo Tipo de ítem Koha
        Biblioteca del Ateneo de Madrid Biblioteca del Ateneo de Madrid Depósito 2 17/01/2008     C-56864 1108206 23/02/2023 23/02/2023 Libro impreso